000
00258nam a2200109Ia 4500
008
220204s9999 xx 000 0 und d
082
_a
82-3
_b
JAM
100
_a
James, P D
245
0
_a
Shroud for a nightingale
260
_a
London
_b
Sphere
_c
1973
942
_c
BK
999
_c
33526
_d
33526